000
00209 a2200085 4500
020
_a
9781419749919
100
_a
Stephanie Mehta
245
_a
FAST COMPANY INNOVATION BY DESIGN
260
_b
Harry N. Abrams
_c
2021
999
_c
13526
_d
13526